000
00207 a2200097 4500
001
55250
100
_a
245
_a
Spoken english
260
_a
New Delhi
_b
APH India
_c
2007
090
_c
34212
_d
34212
942
_a
NUST-CAE
_c
MONOGRAPH
_c
26906
999
_c
290323
_d
290323